[Event "DEN-chT XtraCon 2018-19"]
[Site "Denmark"]
[Date "2019.03.16"]
[Round "8"]
[White "Sobjerg, Erik"]
[Black "Palm, Nikolaj"]
[Result "1-0"]
[WhiteElo "2266"]
[BlackElo "2286"]
[Annotator "NA"]
[PlyCount "77"]
[EventDate "2018.10.27"]
[EventType "team-tourn"]
[EventCountry "DEN"]
[SourceTitle "playchess.com"]
[Source "ChessBase"]
[SourceQuality "1"]
[TimeControl "40/5400+30:1800+30"]

1. e4 {[%emt 0:00:00]} e5 {[%emt 0:00:00]} 2. Bc4 {[%emt 0:00:00]} Nc6 {[%emt 0:00:08]} 3. Nc3 {[%emt 0:00:14]} Nf6 {[%emt 0:03:22]} 4. d3 {[%emt 0:00:06]} Bc5 {[%emt 0:00:27]} 5. f4 {[%emt 0:00:11]} d6 {[%emt 0:00:14]} 6. Nf3 {[%emt 0:00:04]} a6 {[%emt 0:02:34]} 7. Rf1 {[%emt 0:02:12]} O-O {[%emt 0:21:30]} 8. f5 {[%emt 0:20:15]} Na5 {[%emt 0:10:26]} 9. Bg5 {[%emt 0:02:22]} Nxc4 {[%emt 0:02:19]} 10. dxc4 {[%emt 0:00:44]} Bb4 {[%emt 0:01:25]} 11. Qd3 {[%emt 0:11:02]} Bxc3+ {[%emt 0:07:25]} 12. Qxc3 {[%emt 0:06:19]} b5 {[%emt 0:02:39]} 13. Bxf6 {[%emt 0:08:33]} Qxf6 {[%emt 0:01:24]} 14. g4 {[%emt 0:07:39]} Qh6 {[%emt 0:10:41]} 15. g5 {[%emt 0:01:58]} Qh3 {[%emt 0:00:57]} 16. Rg1 {[%emt 0:05:52]} Bb7 $14 {[%emt 0:02:19]} 17. Qe3 {[%emt 0:02:40]} bxc4 {[%emt 0:00:28]} 18. Rg3 {[%emt 0:02:52]} Qh5 {[%emt 0:00:02]} 19. O-O-O {[%emt 0:00:24]} Rad8 {[%emt 0:06:27]} 20. Rdg1 {[%emt 0:11:40]} d5 {[%emt 0:03:03]} 21. Nxe5 {[%emt 0:05:21]} d4 {[%emt 0:00:36]} 22. Qe1 {[%emt 0:01:51]} Rfe8 {[%emt 0:02:21]} 23. g6 {[%emt 0:03:42]} hxg6 {[%emt 0:08:32]} 24. fxg6 {[%emt 0:01:51]} Qxe5 {[%emt 0:01:02]} 25. gxf7+ {[%emt 0:00:26]} Kxf7 {[%emt 0:00:01]} 26. Qf1+ {[%emt 0:00:41]} Ke6 {[%emt 0:04:42]} 27. Rxg7 {[%emt 0:01:39]} Bxe4 {[%emt 0:03:17]} 28. Qf7+ {[%emt 0:00:39]} Kd6 {[%emt 0:00:02]} 29. Qxc7+ {[%emt 0:00:08]} Ke6 {[%emt 0:01:56]} 30. Qf7+ {[%emt 0:00:02]} Kd6 {[%emt 0:00:06]} 31. Qc7+ {[%emt 0:00:05]} Ke6 {[%emt 0:00:08]} 32. Qxc4+ {[%emt 0:03:43]} Qd5 {[%emt 0:01:55]} 33. Qxa6+ {[%emt 0:00:04]} Rd6 {[%emt 0:00:32]} 34. Qe2 {[%emt 0:00:10]} Rf8 {[%emt 0:01:51]} 35. R1g6+ {[%emt 0:00:22]} Rf6 {[%emt 0:00:25]} 36. Rg4 {[%emt 0:00:46]} Ke5 {[%emt 0:02:08]} 37. Re7+ {[%emt 0:01:04]} Rde6 {[%emt 0:00:15]} 38. Rxe6+ {[%emt 0:00:19]} Kxe6 {[%emt 0:00:34]} 39. Qxe4+ {[%emt 0:00:16] Qd8} 1-0

[Event "DEN-chT XtraCon 2018-19"]
[Site "Denmark"]
[Date "2019.03.16"]
[Round "8"]
[White "Norskov Laursen, Niels"]
[Black "Ochsner, Thomas"]
[Result "1/2-1/2"]
[WhiteElo "2256"]
[BlackElo "2261"]
[Annotator "NA"]
[PlyCount "52"]
[EventDate "2018.10.27"]
[EventType "team-tourn"]
[EventCountry "DEN"]
[SourceTitle "playchess.com"]
[Source "ChessBase"]
[SourceQuality "1"]
[TimeControl "40/5400+30:1800+30"]

1. e4 {[%emt 0:00:00]} e5 {[%emt 0:00:00]} 2. Nf3 {[%emt 0:00:00]} Nc6 {[%emt 0:00:00]} 3. Bc4 {[%emt 0:00:00]} Bc5 {[%emt 0:00:13]} 4. c3 {[%emt 0:00:00]} Nf6 {[%emt 0:00:05]} 5. d3 {[%emt 0:00:00]} a6 {[%emt 0:02:00]} 6. O-O {[%emt 0:01:28]} O-O {[%emt 0:00:18] C54: Giuoco Piano: 4 c3 Nf6, main lines with 5 d4 and 5 d3} 7. Re1 {[%emt 0:05:27]} d6 {[%emt 0:02:09]} 8. a4 {[%emt 0:00:50]} h6 {[%emt 0:08:49]} 9. h3 {[%emt 0:05:23]} Ba7 {[%emt 0:04:17]} (9... a5 10. Nbd2 Be6 11. b3 d5 12. exd5 Nxd5 13. Ne4 Bb6 14. Ra2 f5 15. Ng3 Qf6 16. Nxe5 Nxe5 {½-½ (40) Ding,L (2813)-Anand,V (2773) Wijk aan Zee 2019}) 10. Nbd2 {[%emt 0:06:51]} Be6 {[%emt 0:05:05]} 11. b4 {[%emt 0:04:26]} Qd7 {[%emt 0:06:18]} 12. Bxe6 {[%emt 0:04:30]} fxe6 {[%emt 0:03:40]} 13. Nc4 $146 {[%emt 0:02:39]} ({Predecessor:} 13. Nb3 Rf7 14. Be3 Bxe3 15. Rxe3 Raf8 16. Ra2 Ne7 17. d4 exd4 18. cxd4 Ng6 19. Nbd2 Nf4 20. Qf1 g5 {½-½ (20) Areshchenko,A (2649)-Kovalev,V (2641) Khanty-Mansiysk 2017}) 13... g5 {[%emt 0:06:44]} 14. Be3 {[%emt 0:03:42]} g4 {[%emt 0:07:07]} 15. hxg4 {[%emt 0:05:10]} Nxg4 {[%emt 0:00:03]} 16. Bxa7 {[%emt 0:00:46]} Rxa7 {[%emt 0:02:09]} 17. Ne3 {[%emt 0:04:11]} Qg7 {[%emt 0:02:05]} 18. Nxg4 {[%emt 0:06:42]} Qxg4 {[%emt 0:00:05]} 19. Re3 {[%emt 0:03:18]} Raa8 {[%emt 0:07:47]} 20. Nh2 {[%emt 0:06:34]} Qf4 {[%emt 0:04:24]} 21. Ra2 {[%emt 0:06:34]} Kh7 {[%emt 0:02:08]} 22. Rf3 {[%emt 0:04:25]} Qg5 {[%emt 0:01:15]} 23. Rg3 {[%emt 0:00:40]} Qf4 {[%emt 0:03:06]} 24. Rf3 $11 {[%emt 0:09:18]} (24. Qb3 $16) 24... Qg5 {[%emt 0:00:07]} 25. Rg3 {[%emt 0:01:54]} Qf4 {[%emt 0:00:07]} 26. Rf3 {[%emt 0:01:43]} Rh8 1/2-1/2

[Event "DEN-chT XtraCon 2018-19"]
[Site "Denmark"]
[Date "2019.03.16"]
[Round "8"]
[White "Hove Kristensen, Kaare"]
[Black "Borovnica, Tihomir"]
[Result "1-0"]
[WhiteElo "2254"]
[BlackElo "2226"]
[Annotator "NA"]
[PlyCount "111"]
[EventDate "2018.10.27"]
[EventType "team-tourn"]
[EventCountry "DEN"]
[SourceTitle "playchess.com"]
[Source "ChessBase"]
[SourceQuality "1"]
[TimeControl "40/5400+30:1800+30"]

1. Nf3 {[%emt 0:00:00]} Nf6 {[%emt 0:00:05]} 2. c4 {[%emt 0:00:39]} g6 {[%emt 0:01:23]} 3. Nc3 {[%emt 0:00:20]} Bg7 {[%emt 0:00:10]} 4. e4 {[%emt 0:00:17]} d6 {[%emt 0:00:04]} 5. d4 {[%emt 0:00:17]} O-O {[%emt 0:00:04]} 6. Be2 {[%emt 0:00:14]} e5 {[%emt 0:03:43]} 7. O-O {[%emt 0:00:51]} Nbd7 {[%emt 0:00:20]} 8. dxe5 {[%emt 0:04:40]} dxe5 {[%emt 0:00:11]} 9. b4 {[%emt 0:00:49] E94: King's Indian: Classical: 6 Be2 e5 7 0-0: Various Black 7th moves} (9. Bg5 h6 10. Bh4 c6 11. Qd6 Re8 12. Rad1 Qb6 13. b3 Bf8 14. Qd3 Nh5 15. Qc2 Nc5 16. Rfe1 Ne6 17. Bf1 Nef4 18. Na4 {0-1 (39) Gunina,V (2502)-Movsesian,S (2659) Minsk 2015}) 9... c6 {[%emt 0:02:00]} 10. a4 {[%emt 0:08:10]} a5 $146 {[%emt 0:00:36]} ({Predecessor:} 10... Nh5 11. Bb2 Nf4 12. Qc2 f5 13. Rfd1 Nxe2+ 14. Qxe2 Qe7 15. c5 Re8 {0-1 (48) Turcan,M (1750)-Kreyderman,K Eforie Nord 1998}) 11. b5 {[%emt 0:01:49]} Nc5 {[%emt 0:12:05]} 12. Qc2 {[%emt 0:15:46]} Re8 {[%emt 0:03:33]} 13. Rd1 {[%emt 0:01:04]} Nfd7 {[%emt 0:02:27]} 14. Ba3 {[%emt 0:04:16]} Qf6 {[%emt 0:00:19]} 15. Ra2 {[%emt 0:10:49]} Bf8 {[%emt 0:01:05]} 16. Qb1 {[%emt 0:01:40]} Be7 {[%emt 0:02:02]} 17. h3 {[%emt 0:06:31]} Nf8 {[%emt 0:02:34]} 18. Qc1 {[%emt 0:04:04]} Nfe6 {[%emt 0:10:43]} 19. Qe3 {[%emt 0:01:21]} Qg7 {[%emt 0:06:20]} 20. Nd5 {[%emt 0:12:27]} cxd5 {[%emt 0:02:18]} 21. exd5 {[%emt 0:00:50]} Nd4 {[%emt 0:02:00]} 22. d6 {[%emt 0:01:33]} Bxd6 {[%emt 0:37:30]} 23. Nxd4 {[%emt 0:08:14]} Bf8 {[%emt 0:00:04]} 24. Nf5 {[%emt 0:05:08]} Bxf5 {[%emt 0:00:15]} 25. Bxc5 {[%emt 0:00:11]} Rac8 {[%emt 0:00:15]} 26. Bxf8 {[%emt 0:02:21]} Qxf8 {[%emt 0:00:06]} 27. Qb6 {[%emt 0:00:19]} Qb4 {[%emt 0:01:59]} 28. Qxb7 {[%emt 0:00:57]} e4 {[%emt 0:00:07]} 29. Qb6 {[%emt 0:01:01]} Qb3 {[%emt 0:01:15]} 30. Rad2 {[%emt 0:01:32]} Qxa4 {[%emt 0:00:21]} 31. Rd8 {[%emt 0:01:52]} Rcxd8 {[%emt 0:00:38]} 32. Rxd8 {[%emt 0:00:08]} Qa1+ {[%emt 0:00:03]} 33. Rd1 {[%emt 0:00:27]} Qb2 {[%emt 0:00:47]} 34. Bf1 {[%emt 0:03:36]} a4 {[%emt 0:00:14]} 35. Qd4 {[%emt 0:00:06]} Qxd4 {[%emt 0:01:53]} 36. Rxd4 {[%emt 0:00:02]} a3 {[%emt 0:03:01]} 37. Rd2 {[%emt 0:00:11]} e3 {[%emt 0:03:32]} 38. Ra2 {[%emt 0:00:08]} Bb1 {[%emt 0:00:38]} 39. Ra1 {[%emt 0:01:38]} a2 {[%emt 0:01:00]} 40. fxe3 {[%emt 0:00:11]} Rxe3 {[%emt 0:00:14]} 41. c5 {[%emt 0:07:52]} Rb3 {[%emt 0:12:00] [#]} 42. b6 $1 {[%emt 0:11:47]} Kf8 {[%emt 0:14:19]} 43. Bc4 {[%emt 0:01:45]} Rb2 {[%emt 0:00:05]} 44. Bxa2 {[%emt 0:05:55]} Bxa2 {[%emt 0:03:46]} 45. Rxa2 {[%emt 0:00:13]} Rxa2 {[%emt 0:00:06]} 46. b7 {[%emt 0:00:24]} Rb2 {[%emt 0:00:05]} 47. c6 {[%emt 0:00:07]} Kg7 {[%emt 0:00:08]} 48. c7 {[%emt 0:00:36]} Rxb7 {[%emt 0:00:03]} 49. c8=Q {[%emt 0:00:08]} Rb1+ {[%emt 0:00:45]} 50. Kh2 {[%emt 0:00:07]} h5 {[%emt 0:00:07]} 51. Qc3+ {[%emt 0:03:29]} Kg8 {[%emt 0:00:11]} 52. Kg3 {[%emt 0:00:27]} Rf1 {[%emt 0:01:32]} 53. Qd3 {[%emt 0:00:59]} Rc1 {[%emt 0:01:12]} 54. Kh4 $18 {[%emt 0:00:23]} Kh7 {[%emt 0:00:13]} 55. Kg5 {[%emt 0:00:45]} Rg1 {[%emt 0:01:37]} 56. Qf3 {[%emt 0:01:57]} 1-0

[Event "DEN-chT XtraCon 2018-19"]
[Site "Denmark"]
[Date "2019.03.16"]
[Round "8"]
[White "Rosenkilde, Alexander"]
[Black "Ostergaard, Jens"]
[Result "0-1"]
[WhiteElo "2253"]
[BlackElo "2206"]
[Annotator "NA"]
[PlyCount "92"]
[EventDate "2018.10.27"]
[EventType "team-tourn"]
[EventCountry "DEN"]
[SourceTitle "playchess.com"]
[Source "ChessBase"]
[SourceQuality "1"]
[TimeControl "40/5400+30:1800+30"]

1. d4 {[%emt 0:00:00]} Nf6 {[%emt 0:00:00]} 2. c4 {[%emt 0:00:00]} e6 {[%emt 0:00:01]} 3. g3 {[%emt 0:00:00]} d5 {[%emt 0:00:24]} 4. Nf3 {[%emt 0:00:00]} Bb4+ {[%emt 0:00:48]} 5. Bd2 {[%emt 0:00:06]} Bd6 {[%emt 0:00:46]} (5... Be7 6. Bg2 O-O 7. O-O c6 8. Qc2 Nbd7 9. Bf4 b6 10. Rd1 Ba6 11. cxd5 cxd5 12. Ne5 Nxe5 13. dxe5 Ng4 14. Bf3 f5 15. exf6 Nxf6 16. Qa4 Bb7 17. Nd2 Qe8 18. Qxe8 Rfxe8 {½-½ (29) Giri,A (2783)-Ding,L (2813) Wijk aan Zee 2019}) 6. Bg2 {[%emt 0:00:32] E01: Catalan: Early deviations} O-O {[%emt 0:00:27]} 7. O-O {[%emt 0:00:41]} c6 {[%emt 0:01:00]} 8. Qc2 {[%emt 0:01:01]} b6 {[%emt 0:04:04]} 9. Bg5 {[%emt 0:06:57]} h6 {[%emt 0:09:11]} 10. Bxf6 {[%emt 0:04:51]} Qxf6 {[%emt 0:00:06]} 11. Nbd2 {[%emt 0:00:49]} Ba6 $146 {[%emt 0:06:37]} ({Predecessor:} 11... Rd8 12. Rfd1 Bb7 {0-1 (32) Thiyasara,K (1857)-Amarasinghe,A (1982) Colombo 2017}) 12. e4 {[%emt 0:02:48]} Qd8 {[%emt 0:08:54]} 13. Rfd1 {[%emt 0:11:09]} Bb7 {[%emt 0:15:14]} 14. Rac1 {[%emt 0:07:27]} Nd7 {[%emt 0:00:44]} 15. e5 {[%emt 0:04:34]} Be7 {[%emt 0:01:15]} 16. cxd5 {[%emt 0:00:12]} cxd5 {[%emt 0:00:58]} 17. Bf1 {[%emt 0:08:16]} a6 {[%emt 0:02:29]} 18. Qb3 {[%emt 0:06:36]} b5 {[%emt 0:03:44]} 19. a4 {[%emt 0:09:30]} b4 {[%emt 0:00:31]} 20. Bd3 {[%emt 0:01:54]} a5 {[%emt 0:08:25]} 21. Bb1 {[%emt 0:01:03]} Ba6 {[%emt 0:02:03]} 22. Qc2 {[%emt 0:00:25]} g6 {[%emt 0:00:09]} 23. Nf1 {[%emt 0:01:10]} Kg7 {[%emt 0:07:56]} 24. b3 {[%emt 0:03:03]} Rc8 {[%emt 0:03:10]} 25. Qd2 {[%emt 0:00:17]} Qb6 {[%emt 0:02:13]} 26. Ne3 {[%emt 0:00:30]} Rc3 {[%emt 0:01:53]} 27. h4 {[%emt 0:15:32]} h5 {[%emt 0:04:40]} 28. g4 {[%emt 0:10:10]} Rh8 {[%emt 0:04:07]} 29. Rxc3 {[%emt 0:01:55]} bxc3 {[%emt 0:00:07]} 30. Qxc3 {[%emt 0:00:10]} Be2 {[%emt 0:02:19]} 31. Nh2 {[%emt 0:02:43]} Bxd1 {[%emt 0:00:21]} 32. Nxd1 {[%emt 0:00:03]} hxg4 {[%emt 0:00:35]} 33. Nxg4 {[%emt 0:00:22]} Rxh4 {[%emt 0:00:31]} 34. Nde3 {[%emt 0:01:06]} Qb4 {[%emt 0:02:12]} 35. Qxb4 {[%emt 0:00:49]} Bxb4 {[%emt 0:00:07]} 36. f3 {[%emt 0:00:47]} Bc3 {[%emt 0:01:30]} 37. Nc2 {[%emt 0:00:16]} f5 {[%emt 0:01:27]} 38. exf6+ {[%emt 0:00:14]} Nxf6 {[%emt 0:00:07]} 39. Ne5 {[%emt 0:00:46]} Rxd4 {[%emt 0:00:58]} 40. Ne3 {[%emt 0:00:37]} Rd2 {[%emt 0:00:41]} 41. Nc6 {[%emt 0:03:23]} d4 {[%emt 0:00:53]} 42. Nf1 {[%emt 0:00:26]} Rb2 {[%emt 0:00:44]} 43. Bd3 {[%emt 0:00:18]} Nd5 {[%emt 0:03:17]} 44. Ng3 {[%emt 0:02:44]} Nf4 {[%emt 0:01:01]} 45. Bf1 {[%emt 0:00:37]} d3 $19 {[%emt 0:01:14]} 46. Ne4 {[%emt 0:00:06]} Bf6 {[%emt 0:01:32]} 0-1

[Event "DEN-chT XtraCon 2018-19"]
[Site "Denmark"]
[Date "2019.03.16"]
[Round "8"]
[White "Matthiesen, Martin"]
[Black "Rostgaard, Tobias Valentin"]
[Result "0-1"]
[WhiteElo "2251"]
[BlackElo "2388"]
[Annotator "NA"]
[PlyCount "102"]
[EventDate "2018.10.27"]
[EventType "team-tourn"]
[EventCountry "DEN"]
[SourceTitle "playchess.com"]
[Source "ChessBase"]
[SourceQuality "1"]
[TimeControl "40/5400+30:1800+30"]

1. d4 {[%emt 0:00:00]} Nf6 {[%emt 0:00:00]} 2. c4 {[%emt 0:00:00]} e6 {[%emt 0:00:00]} 3. Nf3 {[%emt 0:00:00]} Bb4+ {[%emt 0:00:00]} 4. Nbd2 {[%emt 0:00:20]} O-O {[%emt 0:00:09]} 5. a3 {[%emt 0:00:22]} Be7 {[%emt 0:00:06]} 6. e4 {[%emt 0:00:38]} d6 {[%emt 0:00:05] E11: Bogo-Indian} (6... d5 7. e5 Nfd7 8. Bd3 c5 9. h4 g6 10. O-O Nc6 11. Nb3 dxc4 12. Bxc4 cxd4 13. Re1 a5 14. Bh6 Re8 15. Rc1 Nb6 {1-0 (39) Ding,L (2804)-Saric,I (2689) Batumi 2018}) 7. Bd3 {[%emt 0:01:13]} c5 {[%emt 0:00:18]} 8. d5 {[%emt 0:00:44]} Nbd7 {[%emt 0:00:18]} 9. h3 {[%emt 0:06:14]} e5 {[%emt 0:00:19]} 10. g4 {[%emt 0:10:13]} Re8 {[%emt 0:01:57]} 11. Nf1 {[%emt 0:01:02]} Nf8 {[%emt 0:01:09]} 12. Ng3 $146 {[%emt 0:09:55]} ({Predecessor:} 12. Be3 Ng6 13. Qd2 Bf8 14. Ng3 b5 15. b3 Rb8 16. Kf1 bxc4 17. bxc4 Rb3 18. Be2 Rb2 19. Qc1 Qb6 20. g5 Nd7 {1-0 (20) Brink,B (2339)-Minko,V (2411) Barcelona 2017}) 12... Ng6 {[%emt 0:01:12]} 13. g5 {[%emt 0:11:58]} Nd7 {[%emt 0:00:06]} 14. Nh5 {[%emt 0:02:37]} a6 {[%emt 0:08:00]} 15. Kf1 {[%emt 0:04:55]} Ndf8 {[%emt 0:02:26]} 16. a4 {[%emt 0:07:58]} Bd7 {[%emt 0:00:10]} 17. Kg2 {[%emt 0:09:58]} f6 {[%emt 0:06:36]} 18. gxf6 $1 {[%emt 0:00:40]} Bxf6 {[%emt 0:00:06]} 19. Kh2 {[%emt 0:01:36]} Nf4 {[%emt 0:04:07]} 20. Nxf4 {[%emt 0:10:35]} exf4 {[%emt 0:00:06]} 21. Bxf4 {[%emt 0:00:19]} Ng6 {[%emt 0:00:52]} 22. Bg3 $1 {[%emt 0:01:50]} Bxb2 {[%emt 0:00:42]} 23. Rb1 {[%emt 0:01:46]} Bf6 {[%emt 0:00:16]} ({Black should try} 23... Qf6 $11) 24. Bxd6 {[%emt 0:10:11]} Bxa4 {[%emt 0:00:48]} 25. Qxa4 {[%emt 0:00:16]} Qxd6+ {[%emt 0:00:07]} 26. Kg1 {[%emt 0:00:12]} Nf4 {[%emt 0:02:12]} 27. Qd1 {[%emt 0:02:14]} b5 {[%emt 0:02:15]} 28. cxb5 {[%emt 0:01:34]} axb5 {[%emt 0:00:07]} 29. Rxb5 {[%emt 0:00:35]} Ra1 {[%emt 0:00:25]} 30. Rb1 {[%emt 0:02:05]} Rea8 {[%emt 0:00:06]} 31. Bc2 {[%emt 0:01:27]} Rxb1 {[%emt 0:04:21]} 32. Bxb1 {[%emt 0:00:07]} Ra1 {[%emt 0:00:57]} 33. Kh2 {[%emt 0:01:25]} Be5 {[%emt 0:07:27]} 34. Nxe5 {[%emt 0:00:54]} Qxe5 {[%emt 0:00:06]} 35. Qg4 $17 {[%emt 0:00:20]} Nxd5+ {[%emt 0:06:31]} 36. Kg2 {[%emt 0:00:58]} Nf4+ {[%emt 0:00:24]} 37. Kh2 {[%emt 0:00:12]} Ra3 {[%emt 0:09:41]} 38. Qc8+ {[%emt 0:00:23]} Kf7 {[%emt 0:00:04]} 39. Qd7+ {[%emt 0:00:52]} Kg6 {[%emt 0:02:12]} 40. Qf5+ {[%emt 0:00:31]} Qxf5 {[%emt 0:00:07]} 41. exf5+ {[%emt 0:30:12]} Kf6 {[%emt 0:30:19]} 42. Rd1 {[%emt 0:00:00]} Rxh3+ {[%emt 0:00:00]} 43. Kg1 {[%emt 0:00:00]} Rc3 {[%emt 0:00:00]} 44. Rd6+ {[%emt 0:00:00]} Ke5 {[%emt 0:00:00]} 45. Rb6 {[%emt 0:00:00]} h5 {[%emt 0:00:00]} 46. Kh2 {[%emt 0:00:00]} Rc4 {[%emt 0:00:00]} 47. Rb7 {[%emt 0:00:00]} Rb4 {[%emt 0:00:00]} 48. Re7+ {[%emt 0:00:00]} Kf6 {[%emt 0:00:00]} 49. Re1 {[%emt 0:00:00]} h4 {[%emt 0:00:00]} 50. f3 {[%emt 0:00:00]} Rb2+ {[%emt 0:00:00]} 51. Kh1 {[%emt 0:00:00]} Ne2 {[%emt 0:00:00]} 0-1

[Event "DEN-chT XtraCon 2018-19"]
[Site "Denmark"]
[Date "2019.03.16"]
[Round "8"]
[White "Aaes Nielsen, Lars"]
[Black "Firooznia, Farzam"]
[Result "1-0"]
[WhiteElo "2229"]
[BlackElo "2104"]
[Annotator "NA"]
[PlyCount "57"]
[EventDate "2018.10.27"]
[EventType "team-tourn"]
[EventCountry "DEN"]
[SourceTitle "playchess.com"]
[Source "ChessBase"]
[SourceQuality "1"]
[TimeControl "40/5400+30:1800+30"]

1. e4 {[%emt 0:00:00]} c5 {[%emt 0:00:00]} 2. Nf3 {[%emt 0:00:00]} g6 {[%emt 0:00:00]} 3. c3 {[%emt 0:00:00]} Bg7 {[%emt 0:00:21]} 4. d4 {[%emt 0:00:00]} cxd4 {[%emt 0:00:15]} 5. cxd4 {[%emt 0:00:00]} d5 {[%emt 0:00:07]} 6. exd5 {[%emt 0:02:47]} Nf6 {[%emt 0:00:11]} 7. Bb5+ {[%emt 0:01:18]} Nbd7 {[%emt 0:01:19]} 8. d6 {[%emt 0:02:23]} O-O {[%emt 0:00:32]} 9. O-O {[%emt 0:02:15]} exd6 {[%emt 0:01:02]} 10. Nc3 {[%emt 0:00:44]} a6 {[%emt 0:01:01] B10: Caro-Kann: 2 d3 and 2 c4} 11. Bd3 {[%emt 0:00:54]} Nb6 {[%emt 0:05:11]} (11... b5 12. a4 bxa4 13. Rxa4 Qb6 14. Ra2 Bb7 15. Na4 Qa7 16. Be2 Nd5 17. Nc3 N7f6 18. Bd2 {0-1 (52) Azarov,S (2583)-Gashimov,V (2658) Moscow 2007}) 12. h3 {[%emt 0:01:12]} Bd7 $146 {[%emt 0:04:49]} ({Predecessor:} 12... Be6 13. Re1 Qd7 {½-½ (13) Lukovnikov,A (2270)-Uryupin,I (2232) Tambov 2015}) 13. Bg5 {[%emt 0:02:26]} h6 {[%emt 0:00:47]} 14. Bh4 {[%emt 0:02:44]} Bc6 {[%emt 0:02:29]} 15. Re1 {[%emt 0:01:42]} Nbd5 {[%emt 0:11:10]} 16. Bg3 {[%emt 0:22:21]} Qd7 {[%emt 0:10:43]} 17. Rc1 {[%emt 0:08:46]} Rfe8 {[%emt 0:03:29]} 18. Bb1 {[%emt 0:06:03]} Rxe1+ {[%emt 0:01:28]} 19. Nxe1 {[%emt 0:01:20]} Re8 {[%emt 0:04:01]} 20. Qb3 {[%emt 0:06:55]} Re6 {[%emt 0:12:44]} 21. Nd3 {[%emt 0:04:13]} Qe7 {[%emt 0:02:17]} 22. a3 {[%emt 0:00:25]} Nxc3 {[%emt 0:11:53]} 23. bxc3 {[%emt 0:00:59]} Nh5 {[%emt 0:00:12]} 24. d5 {[%emt 0:05:55]} Nxg3 {[%emt 0:00:16]} 25. fxg3 {[%emt 0:00:18]} Re2 {[%emt 0:02:19]} 26. dxc6 {[%emt 0:02:01]} Qe3+ {[%emt 0:00:16]} 27. Kh2 {[%emt 0:01:14]} Be5 {[%emt 0:05:25]} 28. Nxe5 {[%emt 0:01:01]} Qxe5 {[%emt 0:01:50]} 29. Rf1 $18 {[%emt 0:01:42]} 1-0

[Event "DEN-chT XtraCon 2018-19"]
[Site "Denmark"]
[Date "2019.03.16"]
[Round "8"]
[White "Jakslan, Tim"]
[Black "Rathlev, Jacob"]
[Result "1/2-1/2"]
[WhiteElo "2228"]
[BlackElo "2228"]
[Annotator "NA"]
[PlyCount "65"]
[EventDate "2018.10.27"]
[EventType "team-tourn"]
[EventCountry "DEN"]
[SourceTitle "playchess.com"]
[Source "ChessBase"]
[SourceQuality "1"]
[TimeControl "40/5400+30:1800+30"]

1. Nf3 {[%emt 0:00:00]} d5 {[%emt 0:00:00]} 2. c4 {[%emt 0:00:23]} e6 {[%emt 0:00:00]} 3. g3 {[%emt 0:00:56]} Nf6 {[%emt 0:00:17]} 4. Bg2 {[%emt 0:00:25]} Be7 {[%emt 0:01:00]} 5. O-O {[%emt 0:00:10]} O-O {[%emt 0:00:26]} 6. b3 {[%emt 0:00:29]} b6 {[%emt 0:01:04]} 7. cxd5 {[%emt 0:01:59]} exd5 {[%emt 0:02:57]} 8. Bb2 {[%emt 0:04:24]} Bb7 {[%emt 0:00:31]} 9. d4 {[%emt 0:01:32]} c5 {[%emt 0:02:38]} 10. Nc3 {[%emt 0:05:39]} Nc6 {[%emt 0:04:50]} 11. Rc1 {[%emt 0:05:16]} Rc8 {[%emt 0:01:53]} 12. e3 {[%emt 0:10:27]} Qc7 {[%emt 0:09:28]} 13. dxc5 {[%emt 0:13:41]} bxc5 {[%emt 0:00:40]} 14. Nh4 {[%emt 0:09:57]} d4 {[%emt 0:27:11]} 15. Na4 {[%emt 0:06:23]} Ba6 {[%emt 0:11:44]} 16. exd4 {[%emt 0:06:28]} Rfd8 {[%emt 0:06:42]} 17. Nf5 {[%emt 0:07:32]} Bxf1 {[%emt 0:04:49]} 18. Qxf1 $16 {[%emt 0:00:07]} ({Much less strong is} 18. Kxf1 $6 Qd7 $14) 18... Bf8 {[%emt 0:06:57]} 19. dxc5 {[%emt 0:06:26]} Rd2 {[%emt 0:06:09]} 20. Qc4 {[%emt 0:08:48]} Qd7 {[%emt 0:07:22]} 21. Bh3 {[%emt 0:03:31]} Rd1+ {[%emt 0:00:40]} 22. Kg2 {[%emt 0:00:13]} Rxc1 {[%emt 0:00:35]} 23. Bxc1 {[%emt 0:00:45]} Qb7 {[%emt 0:02:00]} 24. f3 {[%emt 0:02:51]} Rd8 {[%emt 0:00:56]} 25. Bf4 {[%emt 0:00:43]} Rd1 {[%emt 0:00:35]} 26. Nc3 {[%emt 0:00:29]} Ra1 {[%emt 0:00:47]} 27. Nd6 {[%emt 0:00:16]} Qe7 {[%emt 0:00:19]} 28. Nxf7 {[%emt 0:01:34]} Na5 {[%emt 0:00:50]} 29. Nh6+ {[%emt 0:02:14]} Kh8 {[%emt 0:00:02]} 30. Nf7+ Kg8 31. Nh6+ {[%emt 0:01:09]} Kh8 {[%emt 0:00:01]} 32. Nf7+ {[%emt 0:00:31]} Kg8 {[%emt 0:00:01]} 33. Nh6+ {[%emt 0:00:07]} 1/2-1/2